| 000 | 00348nam a22001457a 4500 | ||
|---|---|---|---|
| 008 | 230213b ||||| |||| 00| 0 eng d | ||
| 020 | _a9780495597865 | ||
| 041 | _aeng | ||
| 080 |
_2SEVENTH EDITION _a159.9 |
||
| 082 | _a159.9HOW | ||
| 100 | _a25 | ||
| 101 | _aPSI | ||
| 245 |
_aSTATISTICAL METHODS FOR PSYCHOLOGY _cHOWELL.C.D |
||
| 942 |
_2udc _cBK |
||
| 999 |
_c59351 _d59351 |
||